000 00648nam a2200121Ia 4500
008 160712s9999 xx 000 0 und d
100 _aPlanta, Ma. Mercedes G.
245 _cMa. Mercedes G. Planta
_aBernardita Reyes Churchill (Executive Editor), Eden M. Gripaldo, and Digna B. Apilado (Associate Editors). (2011). The movement for independence in the Philippines, 1896-1898: Calendar of documents in the archives of the Cuerpo de Vigilancia de Manila. Q
260 _c2011
_bSocial Science Diliman
300 _avol. 7 no. 2
650 _xSOCIAL SCIENCE
856 _uhttp://journals.upd.edu.ph/index.php/socialsciencediliman/issue/view/309/showToc
999 _c297654
_d297654